Biggest Cities that Start with B - Statistics

General Stats
  • This quiz has been taken 257 times
    229 since last reset
  • The average score is 10 of 13
Answer Stats
Clue Answer % Correct
Capital of Germany Berlin
100%
Formerly known as Peking Beijing
97%
Catalonia's Capital Barcelona
96%
Capital of Serbia Belgrade
93%
Capital of Messi's Home Buenos Aires
91%
City of French Wine Production Bordeaux
85%
Known in its native language as "Krung Thep" Bangkok
83%
Second largest city in the Arab world after Cairo Baghdad
78%
Largest city in the "Basque Country" Bilbao
73%
South Korea’s Second Largest City Busan
70%
Capital of the Karnataka (Southern Indian State) Bangalore
67%
The 3rd highest Capital city in the World. Bogota
57%
Indonesian City named after a drink Bandung
40%
No matching quizzes found
Score Distribution
Percent of People with Each Score
Percentile by Number Answered
Your Score History
You have not taken this quiz since the last reset